Organization and management

Bibliographic Details
Main Author: Dessler, Gary
Format: Book
Published: Virginia : Reston Publishing Company , c1982
Subjects:

MARC

LEADER 00000cam a2200000 7i4500
001 0000007029
005 20021126.0
020 |a 0835953114 
040 |a INS 
090 0 0 |a HD31.   |b D4868 1982 
100 1 |a Dessler, Gary 
245 1 0 |a Organization and management   |c Gary Dessler 
260 |a Virginia :   |b Reston Publishing Company ,   |c c1982 
300 |a xvi, 686p. :   |b ill ;   |c 24 cm. 
650 0 0 |a Management 
650 0 0 |a Organization 
999 |a 0000000256   |b BOOK   |c Open Shelf   |e Default branch